La transición democrática española / (Record no. 6751)

MARC details
000 -LEADER
campo de control de longitud fija 00937nam a2200265 i 4500
001 - NÚMERO DE CONTROL
campo de control 6751
003 - IDENTIFICADOR DE NÚMERO DE CONTROL
campo de control ES-MaACL
005 - FECHA Y HORA DE LA ÚLTIMA TRANSACCIÓN
campo de control 20250817063112.0
008 - DATOS DE LONGITUD FIJA--INFORMACIÓN GENERAL
campo de control de longitud fija 900316s1989 sp ||||1| spa d
020 ## - NÚMERO INTERNACIONAL ESTÁNDAR DEL LIBRO
Número Internacional Estándar del Libro 84-86497-09-4
080 ## - NÚMERO DE LA CLASIFICACIÓN DECIMAL UNIVERSAL
Número de la Clasificación Decimal Universal 32(460)"1975/..."
245 03 - MENCIÓN DEL TÍTULO
Título La transición democrática española /
Mención de responsabilidad, etc. José Félix Tezanos, Ramón Cotarelo, Andrés de Blas (eds.).
260 ## - PUBLICACIÓN, DISTRIBUCIÓN, ETC.
Lugar de publicación, distribución, etc. Madrid :
Nombre del editor, distribuidor, etc. Sistema,
Fecha de publicación, distribución, etc. [1989]
300 ## - DESCRIPCIÓN FÍSICA
Extensión 957 p. ;
Dimensiones 23 cm.
490 1# - MENCIÓN DE SERIE
Mención de serie Colección de ciencias sociales (Sistema)
RLIN 241793
504 ## - NOTA DE BIBLIOGRAFÍA, ETC.
Nota de bibliografía, etc. Bibliografía: p. 807-855.
651 #4 - PUNTO DE ACCESO ADICIONAL DE MATERIA--NOMBRE GEOGRÁFICO
Nombre geográfico España-
Subdivisión general Historia-
Subdivisión cronológica 1975-1982, Transición.
9 (RLIN) 149272
700 1# - ENTRADA AGREGADA--NOMBRE PERSONAL
Nombre de persona Tezanos, José Félix.
9 (RLIN) 109855
700 1# - ENTRADA AGREGADA--NOMBRE PERSONAL
Nombre de persona Cotarelo, Ramón,
Fechas asociadas al nombre 1943-
9 (RLIN) 41166
700 1# - ENTRADA AGREGADA--NOMBRE PERSONAL
Nombre de persona Blas Guerrero, Andrés de.
9 (RLIN) 29351
830 #0 - PUNTO DE ACCESO ADICIONAL DE SERIE-TÍTULO UNIFORME
Título uniforme Colección de ciencias sociales (Sistema)
9 (RLIN) 241793
852 ## - LOCALIZACIÓN
Ubicación ES-MaACL
Número de control de estantería L-13955
Nota libre - Enc. cart.
942 ## - ELEMENTOS DE ENTRADA SECUNDARIOS (KOHA)
Fuente del sistema de clasificación o colocación Clasificación decimal universal
Holdings
Estatus retirado Estado de pérdida Estado de daño No para préstamo Biblioteca de origen Biblioteca actual Ubicación en estantería Fecha de adquisición Fuente de adquisición Total de préstamos Signatura topográfica completa Código de barras Visto por última vez Precio de reemplazo Tipo de ítem Koha
        Biblioteca del Ateneo de Madrid Biblioteca del Ateneo de Madrid Depósito 2 17/01/2008     L-13955 1006878 23/02/2023 23/02/2023 Libro impreso